000 01737cam a2200469Ka 4500
001 ocm41034903
003 TZ-ArACH
005 20130116142051.0
008 990325s1998 fr 001 0 fre d
020 _a2851154036
020 _a9782851154033
035 _a(OCoLC)41034903
040 _aFPU
_bfre
_cTZ-ArACH
_dLVB
_dFRBML
041 _aFre
043 _ae-uk---
049 _aTZAA
050 4 _aKD2185
_b.R69
082 1 4 _a349.42
_bROY
_221
245 0 0 _aRoyaume-Uni :
_bjuridique, fiscal, social, comptable.
250 _a[2e éd.]
260 _aParis :
_bEd. Francis Lefebvre,
_c1998.
300 _a526 p. ;
_c24 cm.
490 1 _aDossiers internationaux Francis Lefebvre,
_x0222-3503.
504 _aIndex.
650 7 _aDroit fiscal
_zGrande-Bretagne.
_2ram
_97800
650 7 _aDroit social
_zGrande-Bretagne.
_2ram
_97801
650 7 _aSociétés
_xDroit
_zGrande-Bretagne.
_2ram
_97802
650 7 _aComptabilité
_xDroit
_zGrande-Bretagne.
_2ram
_97803
650 6 _aDroit commercial
_zGrande-Bretagne.
_97804
650 6 _aDroit fiscal
_zGrande-Bretagne.
_97805
650 6 _aDroit social
_zGrande-Bretagne.
_97806
650 6 _aComptabilité
_xNormes
_zGrande-Bretagne.
_97807
650 6 _aDouble imposition
_zGrande-Bretagne
_xConventions.
_97808
650 4 _aComptabilité
_xDroit
_zGrande-Bretagne.
_97809
650 4 _aDroit des affaires
_zGrande-Bretagne.
_97810
650 4 _aImpôt
_zGrande-Bretagne.
_97811
650 4 _aTaxation
_zGreat Britain
_97812
650 4 _aCorporations
_zGreat Britain
_97813
830 0 _aDossiers internationaux Francis Lefebvre.
_97814
942 _2lcc
_cBOOK
999 _c2040
_d2040